000
00265nam a2200097Ia 4500
001
1180721
005
20250827020801.0
008
250824s9999 xx 000 0 und d
245
0
_a
TÜRKÇE KÖYÜ DEYİMLER ATASÖZLERİ
_c
DURSUN GÜZEL
260
_b
MODEL ÇOCUK (O5)
999
_c
1180721
_d
1180721